| 000 | 01633cam a2200361 a 4500 | ||
|---|---|---|---|
| 003 | CO-BoRNBP | ||
| 005 | 20241018113757.0 | ||
| 007 | ta | ||
| 008 | 990407s1998 sp a r e 00010 spa d | ||
| 020 | _a8449411254 | ||
| 040 |
_ala _cla |
||
| 041 | 0 | _aspa | |
| 082 | 0 | 4 |
_aR370.3 _bE52d _219 ed. |
| 245 | 1 | 0 |
_aEnciclopedia general de la educación / _cJosé Manuel Aja Fernández ... [et al.] ; ilustración Victoria Grasa. |
| 250 | _aEdición, Ma. Angeles Arregui ... [et al.]. | ||
| 300 |
_a3 v. : _bil. ; _c26 cm. + _e1 CD ROOM. |
||
| 336 |
_2rdacontent _atexto _btxt |
||
| 337 |
_2rdamedia _asin mediación _bn |
||
| 338 |
_2rdacarrier _avolumen _bnc |
||
| 500 | _aIncluye glosario. | ||
| 505 | 0 | _av.1 Un marco psicológico global para la educación escolar ; la profesión docente ; los contextos de la intervención educativa ; psicología de la educación ; tutoría y orientación. -- v.2 Evaluación e investigación ; didáctica general ; educación y nuevas tecnologías ; educación especial ; didácticas específicas. -- v.3 Didácticas específicas ; temas transversales. | |
| 650 | 7 |
_aEducación _v Enciclopedias. _2BLAAUTO _943339 |
|
| 650 | 7 |
_aEducación primaria _v Enciclopedias. _2BLAAUTO _943340 |
|
| 650 | 7 |
_aPsicopedagogía. _2BLAAUTO _914915 |
|
| 650 | 7 |
_aEvaluación académica. _2BLAAUTO _943341 |
|
| 650 | 7 |
_aEducación especial. _2BLAAUTO _921470 |
|
| 650 | 7 |
_aPedagogía _v Enciclopedias. _2BLAAUTO _943342 |
|
| 700 | 1 |
_aAja Fernández, José Manuel. _943343 |
|
| 700 | 1 |
_aGrasa, Victoria, _eil. _943344 |
|
| 700 | 1 |
_aArregui, María Angeles, _eed. _943345 |
|
| 942 |
_2ddc _cBK |
||
| 949 |
_an _bn |
||
| 999 |
_c38496 _d38496 |
||